Normal view
MARC view
Entry Nombre geográfico
001 - NÚMERO DE CONTROL
- campo de control: 28962
003 - IDENTIFICADOR DEL NÚMERO DE CONTROL
- campo de control: FranzMayer
005 - FECHA Y HORA DE LA ÚLTIMA TRANSACCIÓN
- campo de control: 20230724140035.0
008 - DATOS DE LONGITUD FIJA
- campo de control de longitud fija: 230724|| aca||aabn | a|a d
040 ## - FUENTE DE LA CATALOGACIÓN
- Centro catalogador/agencia de origen: FranzMayer
- Centro/agencia transcriptor: FranzMayer
151 ## - ENCABEZAMIENTO--NOMBRE GEOGRÁFICO
- Nombre geográfico: Cardinales
- Subdivisión de forma: Derecho canónico
670 ## - FUENTE DE DATOS ENCONTRADOS
- Cita de la fuente: Work cat.: (FranzMayer)10914: Autor Lancelotti, Pauli 28959, Corpus Iuris Canonici Emendatum et Notis Illustratum Gregorii XIII Pont. Max. Iussu Editum Libro VII Decretalium et IO Pauli Lancelotti Institutionibus Adauctum Accesserunt Loci Communes Uberrimi et Indices Titulorum Canonumque Omnium fumma diligencia ac nova methodo concinnati., 1776